Statistics for Sophie Ellis-Bextor - Murder On The Dancefloor (Lyrics)

Click here to take the quiz!

General Stats

  • This quiz has been taken 86 times
  • The average score is 349 of 421

Answer Stats

Answer% Correct
dance
100%
floor
100%
floor)
100%
I
100%
murder
100%
Murder
100%
on
100%
(On
100%
the
100%
It's
98%
you
98%
be
92%
kill
90%
not
90%
DJ,
87%
so,
87%
groove
85%
and
84%
And
84%
better
84%
your
84%
house
82%
know
82%
know,
82%
right
82%
down
77%
gonna
77%
will
77%
burn
75%
But
75%
Hey
75%
hey
75%
Hey,
75%
this
75%
wrong
75%
get
74%
prove
74%
think
74%
you're
74%
to
72%
away
70%
getting
70%
way
70%
If
69%
I'll
69%
just
69%
goddamn
67%
have
64%
take
64%
when
64%
all
62%
Oh
62%
say
62%
Boy,
61%
come
59%
me
59%
along
57%
you'll
57%
You'll
57%
About
56%
play
56%
Hear
54%
you'd
54%
You'd
54%
kind
52%
song
52%
There
52%
another
51%
moves
51%
steal
51%
may
49%
Stay
49%
pray
48%
others
46%
Don't
43%
turn
43%
blow
38%
around
36%
somehow
33%

Score Distribution

Percentile by Number Answered

Percent of People with Each Score

Your Score History

You have not taken this quiz